00578nam a2200169 i 4500001000700000003000900007005001700016008004100033100003100074245007000105260003700175300002200212490006100234650003300295830005800328852002200386178964ES-MaACL20251130063156.0110816s1901 fr |||| | fre d1 aStrauss, Paul, d1852-194310aAssistance sociale b: pauvres et mendiants / cpar Paul Strauss. aParis : bFélix Alcan, c1901. a302 p. ; c22 cm.1 aBibliothèque générale des sciences sociales ; v10 4aAsistencia social-zFrancia.00aBibliothèque générale des sciences socialesv10 aES-MaACLjC-23090